00940nam a22002177a 450000500170000000800410001702000150005805000220007310000250009524502260012025000110034626000700035730000210042749000370044850400400048565000310052565000540055665000410061070000340065170000370068520210617124620.0210319b ag ||||| |||| 00| 0 spa d a950894260604aKKT1595bR63 20001 aRodríguez, Esteban10aJusticia mediática b: la administración de justicia en loa medios masivos de comunicación. Las formas del espectáculoc/ Esteban Rodríguez ; presentación por Jorge Salomoni ; prólogo por Horacio González. a1a ed. aBuenos Aires, Argentina :bAd-Hoc S.R.L. :bVillela Editor,c2000 a510 p. ;c23 cm.0 aColección de derecho público aIncluye bibliografía : p. 507-510 72lembaPeriodismozEspaña 72lembaMedios de comunicación de masaszEspaña 72lembaJurisdicción penalzEspaña1 aSalomoni, Jorge epresentador1 aGonzález, Horacioeprologuista